00554nam a22002057a 4500003000500000005001700005008004100022010001000063011001000073035001000083040000900093110006600102245003700168260003500205300001000240490002600250500001100276650003500287830002600322CHAP20220329133827.0971013s1986 r 00010 d a11479 a12451 a15637 cCHAP aNational Institute of Agricultural Botany. Cambridge, England aRecommended varieties of grasses aLinton, England :bNIAB,c1986 a26 p. aFarmers leafletv; 16 aD14-7214aPastos forrajerosxVariedades.0 aFarmers leafletv; 16